The English house (Record no. 106330)

MARC details
000 -LEADER
fixed length control field 00843cam a2200229 4500
001 - CONTROL NUMBER
control field L136135
008 - FIXED-LENGTH DATA ELEMENTS--GENERAL INFORMATION
fixed length control field 070112n2006 000 0 eng u
020 ## - INTERNATIONAL STANDARD BOOK NUMBER
International Standard Book Number 1851495231
035 ## - SYSTEM CONTROL NUMBER
System control number (Sirsi) u136135
041 0# - LANGUAGE CODE
Language code of text/sound track or separate title eng
050 04 - LIBRARY OF CONGRESS CALL NUMBER
Classification number 720.941 $2 18
100 1# - MAIN ENTRY--PERSONAL NAME
Personal name Steel, John
245 04 - TITLE STATEMENT
Title The English house
Remainder of title 1000 years of domestic architecture
260 ## - PUBLICATION, DISTRIBUTION, ETC.
Place of publication, distribution, etc. Woodbridge
Name of publisher, distributor, etc. Antique Collectors' Club
Date of publication, distribution, etc. 2006
300 ## - PHYSICAL DESCRIPTION
Extent 399p.
Dimensions 31cm.
520 ## - SUMMARY, ETC.
Summary, etc. Reviews the changes in style in domestic architecture from Norman times to the present, discussing periodical and regional themes, variations and influences. Discusses how houses and rooms within were used, and describes typical occupants.
590 ## - LOCAL NOTE (RLIN)
Local note KA
651 #4 - SUBJECT ADDED ENTRY--GEOGRAPHIC NAME
Geographic name England
Chronological subdivision 886-
690 ## - LOCAL SUBJECT ADDED ENTRY--TOPICAL TERM (OCLC, RLIN)
Topical term or geographic name as entry element BUILT ENVIRONMENT-CONSTRUCTION DESIGN-ARCHITECTURAL DESIGN
942 ## - ADDED ENTRY ELEMENTS (KOHA)
Suppress in OPAC 0
Holdings
Withdrawn status Lost status Source of classification or shelving scheme Damaged status Not for loan Home library Current library Shelving location Date acquired Cost, normal purchase price Total Checkouts Full call number Barcode Date last seen Copy number Cost, replacement price Price effective from Koha item type
    Dewey Decimal Classification     London London Folio 02/02/2007 45.00   F 720.94 STE 30073611 06/08/2019 1 45.00 06/08/2019 Book